Depremden korunma kılavuzu (Record no. 6442)

MARC details
000 -BAŞLIK
Sabit Uzunlukta Kontrol Alanı 00771na a2200277 4500
001 - KONTROL NUMARASI
Denetim Alanı 19717
003 - KONTROL NUMARASI IDENTIFIER
Denetim Alanı MIRAKIL
005 - SON İŞLEM TARİHİ VE ZAMANI
Denetim Alanı 20181213155108.0
008 - SABİT-BOY VERİ ELEMANLARI - GENEL BİLGİLER
Sabit Uzunlukta Kontrol Alanı 161226b tu 000 0
020 ## - ULUSLARARASI STANDART KİTAP NUMARASI
Uluslararası Standart Kitap Numarası 9789759768546
040 ## - KATALOGLAMA KAYNAK
Orijinal Kataloglama Ajansı Milas
Kataloglama Dili tur
Metne Dönüştürmek Ajansı TR-AnCHP
041 ## - DİL KODU
Metin / Ses Parça Veya Ayrı Başlığın Dil Kodu tur
082 ## - DEWEY ONLU SINIFLANDIRMA NUMARASI
Sınıflandırma Numarası 363.3495
Ürün Numarası E61 2009
090 ## - SINIFLAMA NUMARASI
Sınıflama Numarası 363.3495 E61 2009
100 ## - ANA GİRİŞ - KİŞİSEL İSİM
Kişisel Ad Ercan, Övgün Ahmet
245 ## - BAŞLIK TABLOSU
Başlık Depremden korunma kılavuzu
Başlığın Kalan Korkma
Sorumluluk Tablosu, Vb Övgün Ahmet Ercan
246 ## - UNVAN FORM VARYING
Başlık Doğru / Kısa Başlığı Korkma
260 ## - YAYIN, DAĞITIM, VB
Yayın, Dağıtım, Vb Yeri İstanbul
Yayıncı, Dağıtıcı, Vs Adı Bilimtey Yayınları
Yayın, Dağıtım, Vb Tarihi 2009
300 ## - FİZİKSEL TANIM
Kapsam 64 s.
Diğer Fiziksel Ayrıntıları res.; tbl.; grf.
Boyutlar 24 sm.
440 ## - SERİSİ TABLOSU / KATMA GİRİŞİ - BAŞLIK
Başlık Bilimtey Yayınları
Hacim / Ardışık Tanımı 3
490 ## - SERİSİ TABLOSU
Seri Beyanı AKUT Yayınları
Hacim / Ardışık Tanımı 8
504 ## - KAYNAKÇA VB NOT
Kaynakça Vb Notu Kaynakça var.
610 ## - KONU KATMA GİRİŞ - TOPLANTI ADI
Giriş Elemanı Olarak Kurumsal Ad Veya Yargı Alanı Adı AKUT
Genel Alt Bölüm Deprem klavuzları
650 ## - KONU KATMA GİRİŞ - TOPİKAL DÖNEM
Topikal Süreli Veya Coğrafi Ad Giriş Elemanı Deprem
Genel Alt Bölümü Klavuzlar
942 ## - EKLENDİ GİRİŞ ELEMANLARI (KOHA)
Sınıflandırma Veya Raf Düzeni Kaynak Dewey Decimal Classification
Koha Öğesi Türü Books
999 ## - SİSTEM KONTROL NUMARALARI (KOHA)
Koha Biblionumber 6442
Koha Biblioitemnumber 6442
Holdings
Kalıcı Konum Mevcut Konum Edinme Tarihi Edinim Kaynak Toplam Check-Out'Lar Tam Çağrı Numarası Barkod Tarih Son Görülme İtibaren Geçerli Fiyatlar Koha Öğesi Türü
CHP Kütüphanesi CHP Kütüphanesi 12/26/2016 Bağış   363.3495 E61 2009 010287 12/26/2016 12/26/2016 Books